[Event "Crema op 22nd"]
[Site "Crema"]
[Date "2022.09.10"]
[Round "4"]
[White "Redamante, Marzio"]
[Black "Raimondi, Celso"]
[Result "1/2-1/2"]
[WhiteElo "1442"]
[BlackElo "1477"]
[PlyCount "72"]
[EventDate "2022.09.09"]
[EventType "swiss"]
[EventRounds "6"]
[EventCountry "ITA"]
[SourceTitle "CBM 210 Extra"]
[Source "ChessBase"]
[SourceDate "2022.11.30"]
[SourceVersion "1"]
[SourceVersionDate "2022.11.30"]
[SourceQuality "1"]

1. d4 Nf6 2. h3 g6 3. Bf4 Bg7 4. c3 0-0 5. Nd2 d6 6. e4 Na6 7. Bc4 c5 8. d5 Nc7 9. Ne2 b5 10. Bb3 c4 11. Bc2 e6 12. dxe6 Nxe6 13. Bh2 Bb7 14. 0-0 Qb6 15. Kh1 Rad8 16. f3 Bc6 17. Bg1 Qb7 18. Qe1 Nd7 19. Qf2 d5 20. Qxa7 dxe4 21. Nxe4 Qxa7 22. Bxa7 Ne5 23. Bd4 Nd3 24. Bxg7 Kxg7 25. Bxd3 cxd3 26. N2g3 f5 27. Nd2 Nf4 28. Rfe1 Rfe8 29. Rxe8 Rxe8 30. Rd1 h5 31. h4 Kf6 32. Nb3 g5 33. hxg5+ Kxg5 34. Nd4 Bd7 35. Kg1 h4 36. Nh1 h3 1/2-1/2

[Event "Robecchetto Spring op 10th"]
[Site "Robecchetto"]
[Date "2013.04.04"]
[Round "1"]
[White "Redamante, Marzio"]
[Black "Barrera, Pietro"]
[Result "0-1"]
[WhiteElo "1545"]
[BlackElo "1902"]
[PlyCount "76"]
[EventDate "2013.04.04"]
[EventType "swiss"]
[EventRounds "7"]
[EventCountry "ITA"]
[SourceTitle "EXT 2024"]
[Source "ChessBase"]
[SourceDate "2023.10.10"]
[SourceVersion "1"]
[SourceVersionDate "2023.10.10"]
[SourceQuality "1"]

1. c4 g6 2. g3 Bg7 3. Nc3 c6 4. Bg2 Nf6 5. d3 d6 6. Nf3 Bg4 7. Qb3 Qc7 8. 0-0 Nbd7 9. Bd2 Nc5 10. Qc2 e5 11. b4 Ne6 12. e3 Qd7 13. Rfc1 0-0 14. Rab1 Rfe8 15. Be1 Rac8 16. Nd2 Ng5 17. h4 Nh3+ 18. Kh2 h5 19. f3 Be6 20. Nce4 Nxe4 21. Nxe4 b6 22. Nxd6 Qxd6 23. Bxh3 Bxh3 24. Kxh3 Rcd8 25. Rd1 c5 26. bxc5 Qxc5 27. Bf2 Qc6 28. e4 Rd6 29. Kg2 Red8 30. Qd2 Qxc4 31. Rb3 Qe6 32. Rc3 Rc6 33. Rdc1 Rxc3 34. Rxc3 Bf8 35. Rc7 a5 36. Qc2 b5 37. Rc6 Qd7 38. Bc5 Qxc6 0-1

[Event "Robecchetto op "]
[Site "Robecchetto"]
[Date "2013.01.10"]
[Round "5"]
[White "Redamante, Marzio"]
[Black "Testa, Loris"]
[Result "0-1"]
[WhiteElo "1497"]
[BlackElo "1909"]
[PlyCount "128"]
[EventDate "2012.12.06"]
[EventType "swiss"]
[EventRounds "6"]
[EventCountry "ITA"]
[SourceTitle "EXT 2024"]
[Source "ChessBase"]
[SourceDate "2023.10.10"]
[SourceVersion "1"]
[SourceVersionDate "2023.10.10"]
[SourceQuality "1"]

1. c4 e5 2. g3 d6 3. Bg2 Nc6 4. d3 Be6 5. Nf3 Qd7 6. h3 Be7 7. Nc3 Bf6 8. Ne4 Nge7 9. Nxf6+ gxf6 10. Bd2 d5 11. cxd5 Nxd5 12. Qa4 Nb6 13. Qh4 0-0-0 14. Qxf6 Bd5 15. 0-0 Bxf3 16. Qxf3 f5 17. Bg5 Rde8 18. Qh5 Rhg8 19. Rfd1 f4 20. gxf4 exf4 21. Bxf4 Nd4 22. e3 Nf5 23. Rac1 Nd5 24. Bh2 Qg7 25. Qxf5+ Kb8 26. Qf3 Rd8 27. Bxc7+ Ka8 28. Bxd8 Rxd8 29. Kf1 Nb6 30. Rc2 Rf8 31. Qxb7+ Qxb7 32. Bxb7+ Kxb7 33. Rdc1 Nd5 34. Ke1 Nb4 35. Rc7+ Kb6 36. R7c3 a5 37. Rb3 Ka6 38. Rxb4 axb4 39. d4 Rf3 40. Rc4 Kb5 41. Rc5+ Kb6 42. h4 Rh3 43. h5 Rh1+ 44. Kd2 Rb1 45. Kc2 Rf1 46. f4 Re1 47. Kd3 Rb1 48. b3 Rb2 49. Rc2 Rb1 50. e4 Rh1 51. f5 Rxh5 52. f6 Rh3+ 53. Kc4 Rf3 54. e5 Rf4 55. Re2 Kc6 56. Rd2 Kd7 57. Kxb4 h5 58. Kc3 h4 59. Rh2 Ke6 60. Rh3 Rg4 61. a4 Rg3+ 62. Rxg3 hxg3 63. d5+ Kf7 64. d6 Ke6 0-1

[Event "Crema op 14th"]
[Site "Crema"]
[Date "2012.09.02"]
[Round "6"]
[White "Ferrari, Paolo"]
[Black "Redamante, Marzio"]
[Result "0-1"]
[WhiteElo "1713"]
[BlackElo "1495"]
[PlyCount "78"]
[EventDate "2012.08.31"]
[EventType "swiss"]
[EventRounds "6"]
[EventCountry "ITA"]
[SourceTitle "EXT 2014"]
[Source "ChessBase"]
[SourceDate "2013.11.20"]
[SourceVersion "1"]
[SourceVersionDate "2013.11.20"]
[SourceQuality "1"]

1. d4 d5 2. c4 e6 3. Nc3 Nf6 4. Bg5 Be7 5. e3 0-0 6. Nf3 dxc4 7. Bxc4 b6 8. 0-0 Bb7 9. Qe2 Nbd7 10. Rfd1 Qc8 11. d5 exd5 12. Nxd5 Nxd5 13. Bxd5 Bxg5 14. Nxg5 Bxd5 15. Rxd5 Nf6 16. Rd4 c5 17. Rc1 cxd4 18. Rxc8 Raxc8 19. h3 dxe3 20. Qxe3 Rfe8 21. Qf3 h6 22. Nxf7 Kxf7 23. Qb7+ Kg8 24. Qxa7 Rc2 25. Qxb6 Re1+ 26. Kh2 Ree2 27. a4 Rxb2 28. Qd8+ Re8 29. Qd4 Rbb8 30. a5 Ra8 31. Qc4+ Kh8 32. a6 Re7 33. Qc5 Rea7 34. g4 Rxa6 35. g5 Ne4 36. Qd4 Nxg5 37. Kg2 Ra3 38. Qd5 Nxh3 39. f3 Nf4+ 0-1

[Event "Robecchetto Autumn op 8th"]
[Site "Robecchetto"]
[Date "2011.12.01"]
[Round "7"]
[White "Marchesotti, Giovanni"]
[Black "Redamante, Marzio"]
[Result "1/2-1/2"]
[WhiteElo "1599"]
[BlackElo "1345"]
[PlyCount "80"]
[EventDate "2011.10.20"]
[EventType "swiss"]
[EventRounds "7"]
[EventCountry "ITA"]
[SourceTitle "EXT 2024"]
[Source "ChessBase"]
[SourceDate "2023.10.10"]
[SourceVersion "1"]
[SourceVersionDate "2023.10.10"]
[SourceQuality "1"]

1. g3 d5 2. Bg2 e5 3. Nf3 e4 4. Nd4 Nf6 5. d3 exd3 6. cxd3 Be7 7. 0-0 0-0 8. Nc3 c6 9. b3 Re8 10. Bb2 Bg4 11. h3 Bh5 12. Nf5 Bb4 13. Bf3 Bxf3 14. exf3 Qd7 15. g4 Qc7 16. a3 Bf8 17. Ne2 Nbd7 18. d4 h6 19. Bc1 Nh7 20. Bf4 Qd8 21. Qd2 Qf6 22. Neg3 Re6 23. Nh5 Qd8 24. Nhg3 Be7 25. Nxe7+ Qxe7 26. Nf5 Qf6 27. Rae1 Rae8 28. Rxe6 Qxe6 29. Nd6 Rb8 30. Re1 Qg6 31. Re7 Ndf6 32. Rxb7 Rxb7 33. Nxb7 Qb1+ 34. Qc1 Qxb3 35. Qxc6 Qd1+ 36. Kg2 Qxd4 37. Qc8+ Nf8 38. Bd6 N6h7 39. Nc5 g6 40. Nd7 Qg7 1/2-1/2

[Event "Robecchetto Autumn op 8th"]
[Site "Robecchetto"]
[Date "2011.11.03"]
[Round "3"]
[White "Redamante, Marzio"]
[Black "Turchi, Alessandro"]
[Result "0-1"]
[WhiteElo "1345"]
[BlackElo "1602"]
[PlyCount "78"]
[EventDate "2011.10.20"]
[EventType "swiss"]
[EventRounds "7"]
[EventCountry "ITA"]
[SourceTitle "EXT 2024"]
[Source "ChessBase"]
[SourceDate "2023.10.10"]
[SourceVersion "1"]
[SourceVersionDate "2023.10.10"]
[SourceQuality "1"]

1. d4 Nf6 2. c4 e6 3. Nc3 Bb4 4. Bd2 0-0 5. e3 d5 6. a3 Bxc3 7. Bxc3 dxc4 8. Bxc4 Ne4 9. Bb4 Qf6 10. Nf3 Rd8 11. Qc2 Nd6 12. Bd3 h6 13. Qxc7 Nc6 14. Bxd6 Rd7 15. Be7 Qxe7 16. Qg3 b6 17. Bb5 Bb7 18. 0-0 Rc8 19. Ne5 Nxe5 20. Bxd7 Nxd7 21. Rfc1 Nf6 22. Rxc8+ Bxc8 23. Qb8 Qb7 24. Qd6 Qd5 25. Qc7 Bb7 26. f3 Ng4 27. Qb8+ Kh7 28. Qf4 Nf6 29. Rc1 Qb3 30. Qc7 Qxe3+ 31. Kh1 Qd2 32. h3 Qg5 33. Rc2 Ba6 34. Qxa7 Bd3 35. Rf2 Qc1+ 36. Kh2 Qe1 37. Kg3 Nh5+ 38. Kg4 Qxf2 39. Kxh5 Qg3 0-1